[Event "SVK-chT1W 0809"]
[Site "Slovakia"]
[Date "2008.10.19"]
[Round "2.2"]
[White "Oprea, Erik"]
[Black "Matuska, Peter"]
[Result "0-1"]
[WhiteElo "1838"]
[BlackElo "1838"]
[PlyCount "84"]
[EventDate "2008.10.18"]
[EventType "team-tourn"]
[EventRounds "11"]
[EventCountry "SVK"]
[SourceTitle "EXT 2010"]
[Source "ChessBase"]
[SourceDate "2010.11.25"]
[SourceVersion "1"]
[SourceVersionDate "2010.11.25"]
[SourceQuality "1"]
[WhiteTeam "Bratislava Slovan III"]
[BlackTeam "Nove Zamky Basta"]
[WhiteTeamCountry "SVK"]
[BlackTeamCountry "SVK"]

1. e4 e6 2. d4 d5 3. Nd2 c5 4. exd5 exd5 5. dxc5 Bxc5 6. Nb3 Bb6 7. Nf3 Nf6 8. Bb5+ Nc6 9. Bg5 Bxf2+ 10. Kxf2 Ne4+ 11. Kf1 Nxg5 12. Qe2+ Ne4 13. c4 0-0 14. cxd5 Qxd5 15. Bc4 Qf5 16. Bd3 Re8 17. Kg1 Qg6 18. Re1 f5 19. Qc2 Bd7 20. Rd1 Rad8 21. h4 Kh8 22. a3 Qh6 23. Bxe4 Qe3+ 24. Qf2 Qxb3 25. Bc2 Qxb2 26. Ng5 Qf6 27. Bb3 Ne5 28. Qxa7 Bc6 29. Rxd8 Qxd8 30. Qc5 Qd2 31. Qf2 Qc1+ 32. Qf1 Qe3+ 33. Qf2 Qxb3 34. Qxf5 Qd1+ 35. Kh2 Qh5 36. Rf1 Ng4+ 37. Kg1 Nf6 38. Rf4 Qg6 39. Qc5 h6 40. Nf3 Qg3 41. Qf5 Re2 42. Qc8+ Ng8 0-1